Mestský dom v Hlohovci

Gespeichert in:
Bibliographische Detailangaben
1. Verfasser: Moravčík, Samuel (Verfasst von)
Weitere Verfasser: Kusý, Martin (Betreuung Doktorarbeit)
Format: Manuskript Buch
Sprache:Slowakisch
Veröffentlicht: 2025
Schlagworte:
Online-Zugang:http://is.stuba.sk/zp/portal_zp.pl?podrobnosti=185751
Tags: Tag hinzufügen
Keine Tags, Fügen Sie das erste Tag hinzu!

MARC

LEADER 00000ntm a22000003a 4500
001 stuzp104926
003 SK-STU
005 20250607210956.7
007 ta
008 150427s2015----xo-----f-mn---000-0-slo-d
040 |a STU  |b slo 
041 0 |a slo 
100 1 |a Moravčík, Samuel  |u 051110  |4 aut  |U FAD Fakulta architektúry a dizajnu  |T FAD Ústav architektúry obytných budov  |X 103621  |U A1110  |Y 392  |7 103621 
242 0 1 |a Townhouse in Hlohovec  |y eng 
245 1 0 |a Mestský dom v Hlohovci 
260 |c 2025 
650 4 |a town house  |2 eng 
650 4 |a architectural layering  |2 eng 
650 4 |a Hlohovec  |2 eng 
650 4 |a mestský dom  |2 slo 
650 4 |a Hlohovec  |2 slo 
650 4 |a vrstvenie architektúry  |2 slo 
700 1 |a Kusý, Martin  |u 051110  |k Z1  |4 ths  |U FAD Fakulta architektúry a dizajnu  |T FAD Ústav architektúry obytných budov  |X 3763  |U A1110  |Y 392  |7 A000003763 
856 4 |u http://is.stuba.sk/zp/portal_zp.pl?podrobnosti=185751